000 00463nam a2200157Ia 4500
008 220216s9999 xx 000 0 und d
100 _aSattar M A
245 0 _aPhysical, mechanical and seasoning properties of Bangladeshi rubber wood (Hevea brasiliensis)
260 _bBFRI Timber Physics Series Bulletin
_c1992
300 _a9p
500 _aAGRIS CD 1993-1994
700 _aBhattacharjee D K
700 _aKabir M F
700 _aSarker S B
942 _cBO
999 _c47706
_d47706